| 000 -CABECERA |
| fixed length control field |
01086nam a22002177a 4500 |
| 003 - IDENTIFICADOR DEL NÚMERO DE CONTROL |
| control field |
AR-CdUCM |
| 008 - DATOS DE LONGITUD FIJA--INFORMACIÓN GENERAL |
| fixed length control field |
190318b ||||| |||| 00| 0 spa d |
| 040 ## - FUENTE DE LA CATALOGACIÓN |
| Agencia/entidad que catalogó originalmente la obra |
MUNICIPALIDAD PROVINCIAL DEL CUSCO |
| Entidad que transcribió la catalogación |
BIBLIOTECA MUNICIPAL DEL CUSCO |
| 082 ## - NÚMERO DE LA CLASIFICACIÓN DECIMAL DEWEY |
| No. de Clasificación |
603 / |
| Notacion interna |
ED24 |
| 110 ## - ENTRADA PRINCIPAL--NOMBRE DE ENTIDAD CORPORATIVA |
| Nombre de la institución, jurisdicción como entrada principal |
EDISAN, S.A. |
| 9 (RLIN) |
18567 |
| 245 ## - MENCIÓN DE TÍTULO |
| Título |
Medicina Natural / |
| 260 ## - PUBLICACIÓN, DISTRIBUCIÓN, ETC. |
| Lugar de publicación, distribución, etc. |
Madrid : |
| Nombre de la editorial, distribuidor, etc. |
Edisan S.A. , |
| Fecha de publicación, distribución, etc. |
1987. |
| 300 ## - DESCRIPCIÓN FÍSICA |
| Nº de Páginas Extensión |
18 tómos |
| Dimensiones |
27.6 cm. |
| 440 ## - MENCIÓN DE SERIE/PUNTO DE ACCESO ADICIONAL--TÍTULO |
| Título |
Medicina Natural |
| 9 (RLIN) |
18568 |
| 505 ## - NOTA DE CONTENIDO CON FORMATO |
| Nota de contenido formateada |
Contenido : t.1: Hierbas curativas (plantas herbáceas) -- t.2: Alimentación y cocina Natural -- t.3: Reumatismo, artrosis y lumbalgias -- t.4: Hierbas Curativas - Plantas Perennes y Arbustos -- t.8: La curación por la fruta y la verdura -- t.9: Las plantas medicinales t.14: La homeopatia -- t.17: La curación por el agua (hidroterapia y crenoterapia)-- 18: Miel, jalea, polen y própolis --t.19: Limón, ajo y cebolla -- t.20: Infartos y trastornos circulatorios. |
| 650 ## - PUNTO DE ACCESO ADICIONAL DE MATERIA--TÉRMINO DE MATERIA |
| Descriptor |
Medicina Natural |
| 9 (RLIN) |
18569 |
| 650 ## - PUNTO DE ACCESO ADICIONAL DE MATERIA--TÉRMINO DE MATERIA |
| Descriptor |
Medicina Alternativa |
| 9 (RLIN) |
18570 |
| 650 ## - PUNTO DE ACCESO ADICIONAL DE MATERIA--TÉRMINO DE MATERIA |
| Descriptor |
Hervoristeria |
| 9 (RLIN) |
18571 |
| 942 ## - ELEMENTOS DE PUNTO DE ACCESO ADICIONAL (KOHA) |
| Fuente de clasificación |
|
| Tipo de item |
Libros-BMC |
| 945 ## - PROCESAMIENTO DE INFORMACIÓN LOCAL (OCLC) |
| Catalogador |
rtm |